| 000 | 01084cam a2200277 i 4500 | ||
|---|---|---|---|
| 001 | bg | ||
| 003 | KOSZ 005 | ||
| 005 | 20191008114848.0 | ||
| 008 | 970904s1989 pl a f |000 0 pol | ||
| 015 | _aPB 1990/2998 | ||
| 020 | _a832160689X | ||
| 040 |
_aWA N _cKOSZ 005/HR _dKOSZ 005/HR |
||
| 080 | _a669.1.017/.018 | ||
| 245 | 0 | 0 |
_aCharakterystyki stali. _nT. 1, cz. 2, _pStale wysokostopowe / _cInstytut Metalurgii Żelaza im. St. Staszica w Gliwicach ; Stanisław Czyżowicz [et al.] ; kom. red.-wyd. Aleksander Maślanka (przewodn.) [et al.]. |
| 260 |
_aKatowice : _b"Śląsk", _c1989. |
||
| 300 |
_a459, [1] s. : _bwykr. ; _c25 cm. |
||
| 490 |
_aStale odporne na korozję. _vSeria E. |
||
| 504 | _aBibliogr. przy rozdz. | ||
| 650 | 4 | _aStal | |
| 700 | 1 | _aCzyżowicz, Stanisław. | |
| 700 | 1 |
_aMaślanka, Aleksander. _eRedakcja |
|
| 710 | 2 |
_aWydawnictwo "Śląsk" _4pbl. |
|
| 830 | 0 |
_aStale odporne na korozję. _pSeria E |
|
| 856 | _uhttp://kohabib.tu.koszalin.pl/cgi-bin/koha/catalogue/detail.pl?biblionumber=5009 | ||
| 942 |
_2UKD _cKS |
||
| 999 |
_c5009 _d5009 |
||